000
00258nam a2200085Ia 4500
245
0
_a
Magic modelling : Thomasina Smith's mesmerisingly
100
_a
SMITH, Thomasina London, [c.2003]
_9
80234
942
_c
BK
008
210817s9999 xx 000 0 und d
999
_c
281404
_d
281403